Science Quiz

Random Science or Computer Quiz

Basic Computer Acronyms Quiz Stats

 Plays Quiz not verified by Sporcle

Score 0/24 Timer 05:00
0 Plays Today
Acronym Answer % Correct
RAMRandom Access Memory
84.8%
CPUCentral Processing Unit
80.5%
LANLocal Area Network
78.8%
ROMRead Only Memory
76.5%
USBUniversal Serial Bus
74.5%
CDCompact Disk
72.5%
LCDLiquid Crystal Display
63.9%
HDDHard Disk Drive
62.9%
DVDDigital Video Disk
61.3%
GPUGraphics Processing Unit
58%
DOSDisk Operating System
56%
BIOSBasic Input/Output System
53.7%
Acronym Answer % Correct
SSDSolid-State Drive
52.3%
CRTCathode Ray Tube
44.2%
PSUPower Supply Unit
42.8%
DVIDigital Video Interface
36.2%
FSBFrontside Bus
30.6%
VGAVideo Graphics Array
30.1%
RAIDRedundant Array of Independent Disks
26.5%
PCBPrinted Circuit Board
26.1%
IDEIntegrated Device Electronics
24.3%
DIMMDual In-Line Memory Module
22.4%
SATASerial Advanced Technology Attachment
16%
PCIPeripheral Component Interconnect
13.4%

You're not logged in!

Compare scores with friends on all Sporcle quizzes.
OR
Log In

Show Comments

Extras

Created Jul 15, 2010ReportNominate
Tags:Computer Quiz, acronym, basic, term

Top Quizzes Today


Score Distribution

Your Account Isn't Verified!

In order to create a playlist on Sporcle, you need to verify the email address you used during registration. Go to your Sporcle Settings to finish the process.

Report this User

Report this user for behavior that violates our Community Guidelines.

Details: